[Event "CECLUB Honor 2010"]
[Site "Sestao"]
[Date "2010.08.23"]
[Round "1.11"]
[White "Gashimov, Vugar"]
[Black "Bacrot, Etienne"]
[Result "0-1"]
[WhiteElo "2719"]
[BlackElo "2720"]
[PlyCount "158"]
[EventDate "2010.08.23"]
[EventType "team"]
[EventCountry "ESP"]
[Source "lmi"]
[SourceDate "2010.08.23"]

1. e4 e5 2. Nf3 Nc6 3. Bb5 Nf6 4. O-O Nxe4 5. d4 Nd6 6. Bxc6 dxc6 7. dxe5 Nf5
8. Qxd8+ Kxd8 9. Nc3 h6 10. b3 Be6 11. Bb2 c5 12. Rad1+ Kc8 13. Nd5 g5 14. c4
b6 15. h3 Kb7 16. Rd2 Ne7 17. Rfd1 Ng6 18. Nf6 Bg7 19. Nh5 Rhg8 20. g4 Bh8 21.
Kh2 a5 22. a4 b5 23. cxb5 Bxb3 24. Rc1 Rgd8 25. Rxc5 Bxa4 26. Bc3 Bd1 27. Nd4
Bxe5+ 28. f4 Bxd4 29. Bxd4 Bb3 30. fxg5 hxg5 31. b6 c6 32. Rxg5 Rd6 33. Bc3
Rxd2+ 34. Bxd2 Kxb6 35. Be3+ Kb7 36. Rc5 a4 37. Rc3 Bd5 38. Bc1 Ne5 39. Nf6 Nc4
40. h4 a3 41. Rb3+ Kc8 42. Rb1 a2 43. Ra1 Be6 44. h5 Ne5 45. Bb2 Nxg4+ 46. Nxg4
Bxg4 47. h6 Bf5 48. Rf1 Ra5 49. Kg3 Rb5 50. Rxf5 Rb3+ 51. Rf3 Rxb2 52. h7 Rh2
53. Kxh2 a1=Q 54. Rxf7 Qh8 55. Kg3 c5 56. Kf4 c4 57. Ke4 Kb8 58. Ke3 Qd8 59.
Ke4 c3 60. Rg7 Qh4+ 61. Kd3 c2 62. Rg8+ Kc7 63. h8=Q Qxh8 64. Rxh8 c1=Q 65. Rh2
Kd6 66. Rc2 Qb1 67. Kc3 Kd5 68. Rd2+ Kc5 69. Rb2 Qe1+ 70. Kb3 Kd4 71. Ka2 Kc3
72. Rb3+ Kc4 73. Rb2 Qd1 74. Rb8 Qc2+ 75. Rb2 Qa4+ 76. Kb1 Kc3 77. Rb6 Qd1+ 78.
Ka2 Qd5+ 79. Kb1 Qf5+ 0-1

[Event "CECLUB Honor 2010"]
[Site "Sestao"]
[Date "2010.08.23"]
[Round "1.13"]
[White "Smeets, Jan"]
[Black "Bauer, Christian"]
[Result "1-0"]
[WhiteElo "2669"]
[BlackElo "2612"]
[PlyCount "87"]
[EventDate "2010.08.23"]
[EventType "team"]
[EventCountry "ESP"]
[Source "lmi"]
[SourceDate "2010.08.23"]

1. e4 c5 2. Nf3 d6 3. d4 cxd4 4. Nxd4 Nf6 5. Nc3 Nc6 6. Bg5 Bd7 7. Qd2 Rc8 8.
O-O-O Nxd4 9. Qxd4 Qa5 10. Bxf6 gxf6 11. f4 Bg7 12. Kb1 Qc5 13. f5 Bh6 14. Qxc5
Rxc5 15. Nd5 Rg8 16. g3 Bg7 17. b4 Rc8 18. Nf4 Bh6 19. Nd5 Rg4 20. Bd3 Bc6 21.
a3 a5 22. Nb6 Rd8 23. Rhe1 axb4 24. axb4 Kf8 25. b5 Be8 26. Bc4 Rg5 27. Rf1 Rg4
28. Rfe1 Rg5 29. Bd3 e6 30. Kb2 Rg4 31. c4 Bg5 32. Bf1 Bh6 33. c5 exf5 34. Rxd6
Rxd6 35. cxd6 fxe4 36. d7 Bxd7 37. Nxd7+ Kg7 38. Nc5 e3 39. Nxb7 Rd4 40. Kc3
Rd2 41. Bd3 f5 42. Nd6 Bg5 43. Nxf5+ Kf8 44. h4 1-0

[Event "CECLUB Honor 2010"]
[Site "Sestao"]
[Date "2010.08.23"]
[Round "1.14"]
[White "Hamdouchi, Hicham"]
[Black "Gustafsson, Jan"]
[Result "1-0"]
[WhiteElo "2600"]
[BlackElo "2643"]
[PlyCount "55"]
[EventDate "2010.08.23"]
[EventType "team"]
[EventCountry "ESP"]
[Source "lmi"]
[SourceDate "2010.08.23"]

1. e4 e5 2. Nf3 Nc6 3. Bb5 a6 4. Ba4 Nf6 5. d3 Bc5 6. Bxc6 dxc6 7. Be3 Bd6 8.
h3 Nd7 9. Nbd2 O-O 10. O-O Re8 11. Nc4 c5 12. Nfd2 Nf8 13. Nxd6 cxd6 14. f4
exf4 15. Bxf4 Ng6 16. Bg3 Be6 17. Nc4 Qg5 18. Qf3 d5 19. Nd6 dxe4 20. dxe4 Re7
21. Nf5 Rd7 22. h4 Qd8 23. h5 Ne7 24. Nxg7 Kxg7 25. Qf6+ Kf8 26. Qxe6 Nc6 27.
Rad1 Nd4 28. Bd6+ 1-0

[Event "CECLUB Honor 2010"]
[Site "Sestao"]
[Date "2010.08.23"]
[Round "1.15"]
[White "Salgado Lopez, Ivan"]
[Black "Gonzalez De La Torre, Santiago"]
[Result "1-0"]
[WhiteElo "2607"]
[BlackElo "2405"]
[PlyCount "71"]
[EventDate "2010.08.23"]
[EventType "team"]
[EventCountry "ESP"]
[Source "lmi"]
[SourceDate "2010.08.23"]

1. e4 c5 2. Nf3 e6 3. d4 cxd4 4. Nxd4 a6 5. Nc3 Qc7 6. Bd3 Nf6 7. Qe2 d6 8. f4
g6 9. O-O Bg7 10. Nf3 O-O 11. a4 Nc6 12. Kh1 Nd7 13. f5 Re8 14. Qf2 Nb4 15. Qh4
Nxd3 16. cxd3 Qd8 17. fxe6 fxe6 18. Bg5 Qb6 19. e5 dxe5 20. Ne4 Rf8 21. Bh6 Rf5
22. Ng3 Rf4 23. Bxf4 exf4 24. Qxf4 Nf6 25. Ne5 Qd8 26. Ne4 Nxe4 27. dxe4 Bxe5
28. Qxe5 Bd7 29. Rac1 Rc8 30. Rxc8 Qxc8 31. b3 Qe8 32. Qf6 e5 33. Rd1 Qe6 34.
Qxe6+ Bxe6 35. Rd8+ Kg7 36. Rb8 1-0

[Event "CECLUB Honor 2010"]
[Site "Sestao"]
[Date "2010.08.23"]
[Round "1.16"]
[White "Argandoña Riveiro, Iñigo"]
[Black "Graf, Alexander"]
[Result "0-1"]
[WhiteElo "2397"]
[BlackElo "2590"]
[PlyCount "58"]
[EventDate "2010.08.23"]
[EventType "team"]
[EventCountry "ESP"]
[Source "lmi"]
[SourceDate "2010.08.23"]

1. Nf3 d5 2. d4 Nf6 3. c4 e6 4. g3 Bb4+ 5. Bd2 Be7 6. Bg2 O-O 7. O-O c6 8. Qc2
b6 9. Bf4 Bb7 10. Rd1 Na6 11. a3 Rc8 12. Ne5 dxc4 13. Nxc4 Nd5 14. Nc3 Nac7 15.
Ne4 Nxf4 16. gxf4 Nd5 17. e3 g6 18. Rac1 Qc7 19. Ne5 Rfe8 20. Ng5 Bxg5 21. fxg5
Qe7 22. h4 h6 23. gxh6 Qxh4 24. Qa4 c5 25. Nf3 Qxh6 26. dxc5 Nxe3 27. fxe3
Qxe3+ 28. Kh2 Bxf3 29. Rf1 Red8 0-1

[Event "CECLUB Honor 2010"]
[Site "Sestao"]
[Date "2010.08.23"]
[Round "1.21"]
[White "Harikrishna, P."]
[Black "Vachier-Lagrave, Maxime"]
[Result "1-0"]
[WhiteElo "2646"]
[BlackElo "2723"]
[PlyCount "69"]
[EventDate "2010.08.23"]
[EventType "team"]
[EventCountry "ESP"]
[Source "lmi"]
[SourceDate "2010.08.23"]

1. d4 Nf6 2. c4 g6 3. Nf3 Bg7 4. g3 O-O 5. Bg2 c6 6. O-O d5 7. Qb3 Qb6 8. Nc3
Rd8 9. c5 Qxb3 10. axb3 Na6 11. Bf4 Nd7 12. Rfd1 Re8 13. Na4 f6 14. Bd2 e5 15.
b4 Nc7 16. Nc3 Ne6 17. e3 e4 18. Ne1 b5 19. cxb6 Nxb6 20. Na4 Ba6 21. Nc5 Bb5
22. Ra2 Nc7 23. Nc2 f5 24. Na3 a6 25. b3 Bf8 26. Rc1 Reb8 27. Nxb5 axb5 28. Ra5
Kf7 29. f3 Bd6 30. g4 exf3 31. Bxf3 fxg4 32. Bxg4 Ke7 33. e4 h6 34. e5 Bxc5 35.
Rxc5 1-0

[Event "CECLUB Honor 2010"]
[Site "Sestao"]
[Date "2010.08.23"]
[Round "1.22"]
[White "Short, Nigel D"]
[Black "Ganguly, Surya Shekhar"]
[Result "1/2-1/2"]
[WhiteElo "2690"]
[BlackElo "2655"]
[PlyCount "89"]
[EventDate "2010.08.23"]
[EventType "team"]
[EventCountry "ESP"]
[Source "lmi"]
[SourceDate "2010.08.23"]

1. e4 e5 2. Nf3 Nc6 3. Bc4 Nf6 4. d3 Be7 5. Nc3 d6 6. a4 O-O 7. h3 Be6 8. O-O
Qd7 9. Re1 a6 10. Bd2 Rae8 11. Rb1 Bd8 12. b4 Nd4 13. Be3 Nxf3+ 14. Qxf3 c6 15.
Bb3 h6 16. Ne2 Nh7 17. Ng3 Bg5 18. d4 Bxb3 19. Rxb3 Bxe3 20. Qxe3 d5 21. dxe5
Rxe5 22. Qd4 f6 23. f4 Ree8 24. Rd1 Rd8 25. Rbd3 Rf7 26. Nf5 Nf8 27. c4 Qe6 28.
cxd5 cxd5 29. Qc5 b6 30. Qe3 Rfd7 31. Nd4 Qxe4 32. Nc6 Re8 33. Qxb6 Ng6 34. g3
Qf5 35. Re3 Rc8 36. Qxa6 Rdc7 37. Nd4 Qxh3 38. Qe6+ Qxe6 39. Nxe6 Rc4 40. Rb3
Ne7 41. Nd4 Rb8 42. b5 Rxa4 43. Kf2 Rb6 44. Rc3 Rb7 45. Kf3 1/2-1/2

[Event "CECLUB Honor 2010"]
[Site "Sestao"]
[Date "2010.08.23"]
[Round "1.24"]
[White "Edouard, Romain"]
[Black "Delchev, Aleksander"]
[Result "1/2-1/2"]
[WhiteElo "2620"]
[BlackElo "2632"]
[PlyCount "119"]
[EventDate "2010.08.23"]
[EventType "team"]
[EventCountry "ESP"]
[Source "lmi"]
[SourceDate "2010.08.23"]

1. d4 d5 2. c4 c6 3. Nf3 Nf6 4. Nc3 dxc4 5. a4 Bf5 6. e3 e6 7. Bxc4 Bb4 8. O-O
O-O 9. Nh4 Nbd7 10. f3 Bg6 11. e4 e5 12. Nxg6 hxg6 13. Be3 exd4 14. Bxd4 Qe7
15. Qb3 Bc5 16. Ne2 Ne5 17. Qc3 Nxc4 18. Qxc4 Nd7 19. a5 Rfd8 20. Rfd1 Bxd4+
21. Nxd4 Ne5 22. Qc3 c5 23. Nc2 c4 24. Ne3 Nd3 25. Qxc4 Nxb2 26. Rxd8+ Rxd8 27.
Qc2 Qe5 28. Nd5 Nc4 29. Qa4 f5 30. Rd1 Nd6 31. Qa2 Kh7 32. Qf2 g5 33. Qxa7 fxe4
34. Qe3 Re8 35. Nc3 Nf5 36. Qxg5 exf3 37. Qh5+ Kg8 38. Qxf3 Ne3 39. Rc1 Rf8 40.
Qe2 Qd4 41. Nb5 Qf4 42. g3 Qg5 43. Nd4 Ng4 44. Qe6+ Kh7 45. Qe4+ Kh8 46. Rb1
Qh5 47. h4 Nf2 48. Qe7 Re8 49. Qd7 Qg6 50. Nf5 Rf8 51. Qxg7+ Qxg7 52. Nxg7 Kxg7
53. Rxb7+ Kg6 54. Rb6+ Kh5 55. a6 Ne4 56. Kg2 Rf2+ 57. Kh3 Rf3 58. Rb5+ Kh6 59.
Kg4 Rf6 60. Kh3 1/2-1/2

[Event "CECLUB Honor 2010"]
[Site "Sestao"]
[Date "2010.08.23"]
[Round "1.26"]
[White "Romero Holmes, Alfonso"]
[Black "Rodriguez Fontecha, Marcos"]
[Result "1-0"]
[WhiteElo "2518"]
[BlackElo "2258"]
[PlyCount "55"]
[EventDate "2010.08.23"]
[EventType "team"]
[EventCountry "ESP"]
[Source "lmi"]
[SourceDate "2010.08.23"]

1. d4 d5 2. c4 c6 3. Nf3 Nf6 4. Nc3 Qb6 5. e3 Bg4 6. h3 Bxf3 7. Qxf3 e6 8. Bd3
Nbd7 9. O-O Be7 10. b3 O-O 11. Bb2 dxc4 12. Bxc4 Rad8 13. Rac1 e5 14. d5 Nc5
15. e4 Ne8 16. Ba3 Nd6 17. Be2 f5 18. dxc6 fxe4 19. Qh5 bxc6 20. Qxe5 Nc8 21.
Bxc5 Bxc5 22. Nxe4 Bd4 23. Qe6+ Kh8 24. Rxc6 Qa5 25. Rfc1 Rfe8 26. Qg4 Ne7 27.
Re6 Qxa2 28. Ng5 1-0

[Event "CECLUB Honor 2010"]
[Site "Sestao"]
[Date "2010.08.23"]
[Round "1.32"]
[White "Krasenkow, Michal"]
[Black "Ponomariov, Ruslan"]
[Result "1/2-1/2"]
[WhiteElo "2628"]
[BlackElo "2734"]
[PlyCount "28"]
[EventDate "2010.08.23"]
[EventType "team"]
[EventCountry "ESP"]
[Source "lmi"]
[SourceDate "2010.08.23"]

1. d4 Nf6 2. Nf3 d5 3. c4 e6 4. Nc3 Bb4 5. Qa4+ Nc6 6. e3 O-O 7. Bd2 Bd7 8. Qc2
Re8 9. Rd1 a6 10. a3 Bd6 11. Bd3 dxc4 12. Bxc4 b5 13. Bd3 e5 14. Ne4 exd4
1/2-1/2

[Event "CECLUB Honor 2010"]
[Site "Sestao"]
[Date "2010.08.23"]
[Round "1.33"]
[White "Sargissian, Gabriel"]
[Black "Mchedlishvili, Mikheil"]
[Result "1/2-1/2"]
[WhiteElo "2673"]
[BlackElo "2625"]
[PlyCount "53"]
[EventDate "2010.08.23"]
[EventType "team"]
[EventCountry "ESP"]
[Source "lmi"]
[SourceDate "2010.08.23"]

1. d4 d6 2. Nf3 g6 3. c4 Bg7 4. Nc3 Bg4 5. e3 Nf6 6. h3 Bf5 7. g4 Bc8 8. e4 O-O
9. Be3 Na6 10. Be2 c5 11. d5 e6 12. Nd2 Nc7 13. a4 Nd7 14. h4 f5 15. Bg5 Qe8
16. gxf5 exf5 17. exf5 gxf5 18. Kf1 Ne5 19. Bf4 Qe7 20. Nf3 Kh8 21. Qd2 Bd7 22.
Re1 Qf7 23. h5 Bf6 24. Ng5 Qe7 25. Bxe5 Bxe5 26. f4 Bd4 27. Nf3 1/2-1/2

[Event "CECLUB Honor 2010"]
[Site "Sestao"]
[Date "2010.08.23"]
[Round "1.34"]
[White "Matlakov, Maxim"]
[Black "Cheparinov, Ivan"]
[Result "1/2-1/2"]
[WhiteElo "2603"]
[BlackElo "2661"]
[PlyCount "101"]
[EventDate "2010.08.23"]
[EventType "team"]
[EventCountry "ESP"]
[Source "lmi"]
[SourceDate "2010.08.23"]

1. d4 Nf6 2. c4 e6 3. Nf3 d5 4. Nc3 c6 5. g3 dxc4 6. Ne5 b5 7. Bg2 a6 8. Nxc6
Qb6 9. Ne5 Bb7 10. e4 Nc6 11. Be3 Rd8 12. Nxc6 Qxc6 13. O-O Bc5 14. d5 Qb6 15.
Bg5 Bd4 16. a4 h6 17. Bxf6 Bxf6 18. axb5 axb5 19. Qe2 Bxc3 20. bxc3 O-O 21.
Rfd1 exd5 22. exd5 Rfe8 23. Qb2 Re5 24. Rd4 Rde8 25. h4 Re2 26. Qb4 g5 27. Rf1
Ra8 28. Rxc4 Raa2 29. Qc5 Qxc5 30. Rxc5 Red2 31. hxg5 hxg5 32. d6 Bxg2 33.
Rxg5+ Kf8 34. Kxg2 Rxd6 35. Rxb5 Rc2 36. Rc5 Rd3 37. Ra1 Rdxc3 38. Ra8+ Kg7 39.
Rg5+ Kf6 40. Raa5 Rc6 41. Raf5+ Ke7 42. Rf4 R2c5 43. Rg8 Rc4 44. Rh4 Rc8 45.
Rg7 Rxh4 46. gxh4 Kf6 47. Rg5 Rc4 48. Kg3 Rc1 49. Rg4 Rc3+ 50. f3 Rc5 51. Ra4
1/2-1/2

[Event "CECLUB Honor 2010"]
[Site "Sestao"]
[Date "2010.08.23"]
[Round "1.35"]
[White "Perez Candelario, Manuel"]
[Black "Ibarra Jerez, Jose Carlos"]
[Result "1/2-1/2"]
[WhiteElo "2526"]
[BlackElo "2520"]
[PlyCount "52"]
[EventDate "2010.08.23"]
[EventType "team"]
[EventCountry "ESP"]
[Source "lmi"]
[SourceDate "2010.08.23"]

1. e4 c5 2. Ne2 e6 3. Nbc3 a6 4. g3 b5 5. Bg2 Bb7 6. O-O Nf6 7. d3 d6 8. f4
Nbd7 9. h3 h5 10. b3 Qc7 11. Bb2 Be7 12. Qd2 d5 13. e5 Ng8 14. f5 O-O-O 15. Nf4
Nf8 16. d4 Nh6 17. fxe6 fxe6 18. a4 g5 19. Nfe2 b4 20. Nd1 Nd7 21. c3 a5 22.
cxb4 axb4 23. Ne3 Rhf8 24. dxc5 Bxc5 25. Bd4 Rxf1+ 26. Nxf1 Nf5 1/2-1/2

[Event "CECLUB Honor 2010"]
[Site "Sestao"]
[Date "2010.08.23"]
[Round "1.36"]
[White "Galindo Rodriguez, Francisco"]
[Black "Rocha, Sergio"]
[Result "1-0"]
[WhiteElo "2226"]
[BlackElo "2431"]
[PlyCount "77"]
[EventDate "2010.08.23"]
[EventType "team"]
[EventCountry "ESP"]
[Source "lmi"]
[SourceDate "2010.08.23"]

1. e4 c5 2. Nf3 Nc6 3. c4 e6 4. Nc3 a6 5. a3 Qc7 6. d4 cxd4 7. Nxd4 Nf6 8. Be3
Nxd4 9. Bxd4 Bd6 10. Be2 Be5 11. Qd2 d6 12. O-O Bxd4 13. Qxd4 e5 14. Qe3 Be6
15. Rac1 O-O 16. Rfd1 Rac8 17. b4 Rfd8 18. Na4 Qc6 19. Nb6 Rb8 20. f3 h6 21.
Rd2 Nd7 22. Nd5 Kf8 23. Rc3 a5 24. f4 exf4 25. Nxf4 axb4 26. axb4 b6 27. Qd4
Nf6 28. Bf3 Qc7 29. h3 Ra8 30. Rd1 Ke7 31. Nd5+ Bxd5 32. cxd5 Qa7 33. e5 Nd7
34. exd6+ Kf8 35. Rc7 Qa4 36. Re1 Qa1 37. Qxa1 Rxa1 38. Kh2 Ne5 39. Re7 1-0

[Event "CECLUB Honor 2010"]
[Site "Sestao"]
[Date "2010.08.24"]
[Round "2.14"]
[White "Delchev, Aleksander"]
[Black "Magem Badals, Jordi"]
[Result "1/2-1/2"]
[WhiteElo "2632"]
[BlackElo "2589"]
[PlyCount "130"]
[EventDate "2010.08.23"]
[EventType "team"]
[EventCountry "ESP"]
[Source "lmi"]
[SourceDate "2010.08.23"]

1. e4 c6 2. d4 d5 3. Nd2 dxe4 4. Nxe4 Bf5 5. Ng3 Bg6 6. h4 h6 7. Nf3 Nd7 8. h5
Bh7 9. Bd3 Bxd3 10. Qxd3 e6 11. Bd2 Ngf6 12. O-O-O Be7 13. Kb1 c5 14. Ne4 Qb6
15. dxc5 Nxc5 16. Nxc5 Bxc5 17. Bc3 Rd8 18. Qxd8+ Qxd8 19. Rxd8+ Kxd8 20. Ne5
Ke7 21. Nd3 Bd6 22. f3 Rc8 23. Bd4 a6 24. g4 Kf8 25. c3 Nd7 26. Rd1 e5 27. Bf2
Ke7 28. Bh4+ Ke6 29. Nf2 f6 30. Ne4 Bf8 31. Bf2 Rc7 32. Ng3 b5 33. Nf5 a5 34.
Bg3 Rc5 35. Re1 Kf7 36. Re2 Rd5 37. Ne3 Rd6 38. Kc2 g6 39. hxg6+ Kxg6 40. Nf5
Rc6 41. Rh2 Rc7 42. Bf2 b4 43. Be3 bxc3 44. bxc3 Nc5 45. Bxc5 Rxc5 46. Ng3 Rc6
47. Rd2 Kg5 48. Rd8 Bc5 49. Rd3 h5 50. Ne4+ Kg6 51. gxh5+ Kxh5 52. Rd5 Bb6 53.
f4 Bc7 54. fxe5 fxe5 55. Rc5 Rxc5 56. Nxc5 Kg4 57. Kd3 Kf5 58. a4 Bd6 59. Ne4
Be7 60. c4 Ke6 61. Nc3 Kd6 62. Ne4+ Ke6 63. Ke3 Ba3 64. Kf3 Bb4 65. Kg4 Be7
1/2-1/2

[Event "CECLUB Honor 2010"]
[Site "Sestao"]
[Date "2010.08.24"]
[Round "2.15"]
[White "Almeida Quintana, Omar"]
[Black "Ubilava, Elizbar"]
[Result "1/2-1/2"]
[WhiteElo "2559"]
[BlackElo "2528"]
[PlyCount "77"]
[EventDate "2010.08.23"]
[EventType "team"]
[EventCountry "ESP"]
[Source "lmi"]
[SourceDate "2010.08.23"]

1. d4 Nf6 2. c4 e6 3. Nf3 b6 4. Nc3 Bb4 5. Bg5 h6 6. Bh4 Bb7 7. Nd2 O-O 8. e4
g5 9. Bg3 Bxe4 10. h4 Bg6 11. hxg5 hxg5 12. a3 Bxc3 13. bxc3 Nc6 14. f4 g4 15.
Bh4 Kg7 16. g3 Bf5 17. Bg2 d5 18. Kf2 Ne7 19. Qe2 Qd6 20. Nf1 Ng6 21. Bxf6+
Kxf6 22. Ne3 c6 23. Nxg4+ Bxg4 24. Qxg4 Rh8 25. cxd5 cxd5 26. Qg5+ Kg7 27. f5
exf5 28. Qxf5 Rxh1 29. Bxh1 Rd8 30. Bf3 Qe6 31. Qg5 Qe7 32. Qxe7 Nxe7 33. Ke3
Rd6 34. a4 Rg6 35. g4 Re6+ 36. Kd3 Rf6 37. Ke3 Re6+ 38. Kd3 Rf6 39. Ke3 1/2-1/2

[Event "CECLUB Honor 2010"]
[Site "Sestao"]
[Date "2010.08.24"]
[Round "2.16"]
[White "Bernal Moro, Luis Javier"]
[Black "Lopez Martinez, Josep Manuel"]
[Result "1/2-1/2"]
[WhiteElo "2443"]
[BlackElo "2543"]
[PlyCount "28"]
[EventDate "2010.08.23"]
[EventType "team"]
[EventCountry "ESP"]
[Source "lmi"]
[SourceDate "2010.08.23"]

1. Nf3 Nf6 2. c4 e6 3. Nc3 d5 4. d4 Bb4 5. e3 O-O 6. Be2 c5 7. O-O cxd4 8. exd4
dxc4 9. Bxc4 b6 10. Bd3 Bb7 11. a3 Be7 12. Bc2 Nbd7 13. Qd3 Re8 14. Bg5 Nf8
1/2-1/2

[Event "CECLUB Honor 2010"]
[Site "Sestao"]
[Date "2010.08.24"]
[Round "2.23"]
[White "Mchedlishvili, Mikheil"]
[Black "Zhigalko, Sergei"]
[Result "1/2-1/2"]
[WhiteElo "2625"]
[BlackElo "2656"]
[PlyCount "88"]
[EventDate "2010.08.23"]
[EventType "team"]
[EventCountry "ESP"]
[Source "lmi"]
[SourceDate "2010.08.23"]

1. Nf3 d5 2. d4 c6 3. g3 Bf5 4. Bg2 e6 5. O-O Nd7 6. c4 Ngf6 7. Nc3 Be7 8. Qb3
Qb6 9. c5 Qxb3 10. axb3 O-O 11. b4 a6 12. Nd2 Bc2 13. Nf3 Rac8 14. Bf4 h6 15.
h3 g5 16. Bd2 Bg6 17. Rfd1 Ne4 18. Be1 Bf6 19. e3 Bg7 20. h4 f6 21. hxg5 hxg5
22. Bh3 Rce8 23. Nd2 Nxd2 24. Rxd2 Kf7 25. f4 Rh8 26. Rh2 f5 27. fxg5 Bh5 28.
Bd2 Kg6 29. Rf1 Nf8 30. Rf4 Nh7 31. g4 fxg4 32. Bf1 Nxg5 33. Bd3+ Kh6 34. e4
Bxd4+ 35. Kg2 Rhf8 36. Ne2 e5 37. Rf5 dxe4 38. Bxe4 Rxf5 39. Bxf5 Rf8 40. Ng3
Rxf5 41. Nxf5+ Kg6 42. Ne7+ Kf6 43. Ng8+ Kg6 44. Ne7+ Kf6 1/2-1/2

[Event "CECLUB Honor 2010"]
[Site "Sestao"]
[Date "2010.08.24"]
[Round "2.24"]
[White "Zhigalko, Andrey"]
[Black "Matlakov, Maxim"]
[Result "0-1"]
[WhiteElo "2591"]
[BlackElo "2603"]
[PlyCount "52"]
[EventDate "2010.08.23"]
[EventType "team"]
[EventCountry "ESP"]
[Source "lmi"]
[SourceDate "2010.08.23"]

1. e4 e5 2. Nf3 Nc6 3. Bb5 Nf6 4. O-O Nxe4 5. d4 Nd6 6. Bxc6 dxc6 7. dxe5 Nf5
8. Qxd8+ Kxd8 9. Nc3 Ke8 10. h3 h5 11. Rd1 Be7 12. Bg5 Be6 13. g3 Rd8 14. Kg2
f6 15. Bf4 Bb4 16. exf6 Bxc3 17. f7+ Bxf7 18. bxc3 Rxd1 19. Rxd1 Bxa2 20. Ra1
Bd5 21. Rxa7 Rf8 22. Rxb7 Nh4+ 23. gxh4 Rxf4 24. c4 Bxf3+ 25. Kg3 Rf7 26. Rb3
Be4 0-1

[Event "CECLUB Honor 2010"]
[Site "Sestao"]
[Date "2010.08.24"]
[Round "2.26"]
[White "Fernandez Romero, Ernesto"]
[Black "Galindo Rodriguez, Francisco"]
[Result "1-0"]
[WhiteElo "2450"]
[BlackElo "2226"]
[PlyCount "73"]
[EventDate "2010.08.23"]
[EventType "team"]
[EventCountry "ESP"]
[Source "lmi"]
[SourceDate "2010.08.23"]

1. e4 Nf6 2. e5 Nd5 3. d4 d6 4. c4 Nb6 5. exd6 cxd6 6. Nc3 g6 7. Be3 Bg7 8. Rc1
O-O 9. b3 e5 10. dxe5 dxe5 11. Qxd8 Rxd8 12. c5 N6d7 13. Bc4 Nc6 14. Nf3 Nf8
15. Ng5 Be6 16. Nxe6 Nxe6 17. Bxe6 fxe6 18. O-O Rd3 19. Rfd1 Rad8 20. Rxd3 Rxd3
21. Kf1 Nb4 22. Ke2 Rd7 23. Ne4 a6 24. a3 Nc6 25. b4 h6 26. Rb1 Kf7 27. a4 Bf8
28. b5 axb5 29. axb5 Nd4+ 30. Bxd4 Rxd4 31. f3 Ke8 32. c6 Kd8 33. b6 Kc8 34.
Ra1 bxc6 35. Ra8+ Kb7 36. Rxf8 Kxb6 37. Rf6 1-0

[Event "CECLUB Honor 2010"]
[Site "Sestao"]
[Date "2010.08.24"]
[Round "2.33"]
[White "Short, Nigel D"]
[Black "Smeets, Jan"]
[Result "1/2-1/2"]
[WhiteElo "2690"]
[BlackElo "2669"]
[PlyCount "92"]
[EventDate "2010.08.23"]
[EventType "team"]
[EventCountry "ESP"]
[Source "lmi"]
[SourceDate "2010.08.23"]

1. b3 d5 2. Bb2 c5 3. e3 Nf6 4. Nf3 Nc6 5. Bb5 Bd7 6. O-O e6 7. c4 a6 8. Bxc6
Bxc6 9. Ne5 Rc8 10. d3 Be7 11. Nd2 O-O 12. f4 b5 13. Nxc6 Rxc6 14. Qe2 Rd6 15.
Rf2 Qa8 16. e4 dxe4 17. Nxe4 Nxe4 18. dxe4 Rfd8 19. Re1 Bh4 20. g3 Be7 21. f5
exf5 22. exf5 Bf8 23. Bc3 Rd3 24. Ba5 R8d7 25. f6 gxf6 26. Rxf6 b4 27. Qg4+ Kh8
28. Qe4 Qxe4 29. Rxe4 Rd2 30. Rf2 Rxf2 31. Kxf2 Rd2+ 32. Re2 Rxe2+ 33. Kxe2 f5
34. Kf3 Bd6 35. h3 Kg7 36. g4 fxg4+ 37. hxg4 Kf6 38. Bd8+ Ke5 39. Ke3 Ke6 40.
Ke4 Bg3 41. Bg5 Bd6 42. Be3 Bf8 43. Bg1 Bd6 44. Bf2 Bf8 45. Kf4 Be7 46. Be3 Kf6
1/2-1/2

[Event "CECLUB Honor 2010"]
[Site "Sestao"]
[Date "2010.08.24"]
[Round "2.34"]
[White "Gustafsson, Jan"]
[Black "Moiseenko, Alexander"]
[Result "1/2-1/2"]
[WhiteElo "2643"]
[BlackElo "2667"]
[PlyCount "25"]
[EventDate "2010.08.23"]
[EventType "team"]
[EventCountry "ESP"]
[Source "lmi"]
[SourceDate "2010.08.23"]

1. d4 Nf6 2. c4 e6 3. Nf3 d5 4. g3 Bb4+ 5. Bd2 Bd6 6. Bg2 O-O 7. O-O c6 8. Bg5
Nbd7 9. Qc2 h6 10. Bxf6 Nxf6 11. Nbd2 b6 12. e4 Be7 13. e5 1/2-1/2

[Event "CECLUB Honor 2010"]
[Site "Sestao"]
[Date "2010.08.24"]
[Round "2.35"]
[White "Del Rio De Angelis, Salvador G"]
[Black "Salgado Lopez, Ivan"]
[Result "1/2-1/2"]
[WhiteElo "2521"]
[BlackElo "2607"]
[PlyCount "194"]
[EventDate "2010.08.23"]
[EventType "team"]
[EventCountry "ESP"]
[Source "lmi"]
[SourceDate "2010.08.23"]

1. d4 Nf6 2. c4 e6 3. Nc3 Bb4 4. e3 b6 5. Nge2 Ne4 6. Qc2 Bb7 7. f3 Nxc3 8.
bxc3 Bd6 9. e4 Nc6 10. Be3 Ba6 11. Qa4 Na5 12. c5 Be7 13. Ng3 Bxf1 14. Nxf1 O-O
15. Nd2 d5 16. cxd6 cxd6 17. O-O Rc8 18. Rfc1 d5 19. c4 dxe4 20. Nxe4 f5 21.
Nd2 Bf6 22. Nb3 Nxb3 23. axb3 Bxd4 24. Bxd4 Qxd4+ 25. Kh1 Rc7 26. Re1 Re7 27.
Qc6 Rd8 28. b4 Qd7 29. Qxd7 Rdxd7 30. Rad1 Rxd1 31. Rxd1 Kf7 32. Rd6 a5 33. Kg1
Rb7 34. bxa5 bxa5 35. Ra6 Rc7 36. Rxa5 Rxc4 37. g3 Rc1+ 38. Kf2 Rc2+ 39. Kg1 g5
40. Ra7+ Kg6 41. Re7 Rc6 42. Kg2 h5 43. Kf2 g4 44. f4 h4 45. gxh4 Rc2+ 46. Kg3
Rc3+ 47. Kg2 Kf6 48. Ra7 Rh3 49. Ra2 Rxh4 50. Ra3 Rh6 51. Re3 Ke7 52. Rd3 Rh8
53. Ra3 Kd6 54. Rd3+ Kc5 55. Re3 Rh6 56. Re5+ Kd6 57. Re3 Kd5 58. Re5+ Kd4 59.
Re1 Kd5 60. Re5+ Kc6 61. Re3 Kd7 62. Rd3+ Ke8 63. Re3 Kf7 64. Ra3 Kf6 65. Rb3
Rh7 66. Re3 Rb7 67. h3 gxh3+ 68. Kxh3 Rg7 69. Re1 Rg4 70. Rf1 Ke7 71. Kh2 Kd6
72. Rd1+ Kc5 73. Re1 Kd5 74. Rd1+ Ke4 75. Re1+ Kf3 76. Rxe6 Rxf4 77. Ra6 Re4
78. Ra3+ Re3 79. Ra1 Re2+ 80. Kh3 f4 81. Ra3+ Re3 82. Ra2 Re4 83. Rb2 Re8 84.
Rb3+ Re3 85. Rb2 Rd3 86. Ra2 Re3 87. Rb2 Re2 88. Rb3+ Re3 89. Rb2 Rd3 90. Ra2
Rb3 91. Kh2 Kg4 92. Rg2+ Kh4 93. Rg8 f3 94. Kg1 Rb2 95. Kf1 Re2 96. Rf8 Kg3 97.
Rg8+ Kf4 1/2-1/2

[Event "CECLUB Honor 2010"]
[Site "Sestao"]
[Date "2010.08.24"]
[Round "2.36"]
[White "Graf, Alexander"]
[Black "Romero Holmes, Alfonso"]
[Result "1-0"]
[WhiteElo "2590"]
[BlackElo "2518"]
[PlyCount "99"]
[EventDate "2010.08.23"]
[EventType "team"]
[EventCountry "ESP"]
[Source "lmi"]
[SourceDate "2010.08.23"]

1. d4 d5 2. c4 Nc6 3. Nc3 dxc4 4. e3 e5 5. d5 Nce7 6. Bxc4 a6 7. a3 Ng6 8. Nge2
Bd6 9. O-O Nf6 10. Qc2 O-O 11. Ng3 Re8 12. f3 Nh4 13. Bd2 Bd7 14. Rac1 Rc8 15.
Ba2 Bf8 16. Qb3 b5 17. Rfd1 c5 18. dxc6 Be6 19. Qc2 Rxc6 20. Bxe6 Rexe6 21. Be1
Qc8 22. Qb1 h6 23. Rd3 Re8 24. Rcd1 Ng6 25. Nd5 Nxd5 26. Rxd5 Bc5 27. Qe4 Bb6
28. Kf1 Rc4 29. Qd3 e4 30. Nxe4 Ne5 31. Nd6 Nxd3 32. Nxc8 Rcxc8 33. R1xd3 Bxe3
34. Bc3 Bc5 35. h4 Be7 36. h5 Red8 37. Rxd8+ Bxd8 38. Rd6 Ra8 39. g4 Be7 40.
Rc6 Kf8 41. Ke2 f6 42. Kd3 Ke8 43. Rc7 Rd8+ 44. Ke4 Rd7 45. Rxd7 Kxd7 46. Kf5
Bf8 47. f4 Bd6 48. Kg6 Bxf4 49. Kxg7 Ke6 50. Bxf6 1-0